| 000 | 00504 a2200121 4500 | ||
|---|---|---|---|
| 000 | nam a22 7a 4500 | ||
| 005 | 20250912111851.0 | ||
| 020 | _a978-93-818143-52-9 | ||
| 100 |
_aगुप्ता, राज कुमार _9821228 |
||
| 245 | _aगोरखपुर संभाग का पुरातत्व: नवपाषाण काल से प्रथम शताब्दी ई. तक | ||
| 260 |
_bस्वाति पब्लिकेशन्स _c2025 |
||
| 942 | _cTB | ||
| 999 |
_c1435370 _d1435370 |
||